Public speaking strategies for success. / (Record no. 9645)
[ view plain ]
| 000 -LEADER | |
|---|---|
| fixed length control field | 00857cam a22002771 4500 |
| 001 - CONTROL NUMBER | |
| control field | 5928591 |
| 003 - CONTROL NUMBER IDENTIFIER | |
| control field | OSt |
| 005 - DATE AND TIME OF LATEST TRANSACTION | |
| control field | 20230602122728.0 |
| 008 - FIXED-LENGTH DATA ELEMENTS--GENERAL INFORMATION | |
| fixed length control field | 761001s1927 nyu 000 0 eng |
| 010 ## - LIBRARY OF CONGRESS CONTROL NUMBER | |
| LC control number | 2006044793 |
| 020 ## - INTERNATIONAL STANDARD BOOK NUMBER | |
| International Standard Book Number | 0205308902 |
| 035 ## - SYSTEM CONTROL NUMBER | |
| System control number | (OCoLC)2476541 |
| 040 ## - CATALOGING SOURCE | |
| Original cataloging agency | DLC |
| Transcribing agency | LC |
| Modifying agency | DLC |
| 042 ## - AUTHENTICATION CODE | |
| Authentication code | premarc |
| 050 00 - LIBRARY OF CONGRESS CALL NUMBER | |
| Classification number | PN4129.Z36 |
| 100 1# - MAIN ENTRY--PERSONAL NAME | |
| Personal name | Zarefsky, David |
| 9 (RLIN) | 1492 |
| 245 10 - TITLE STATEMENT | |
| Title | Public speaking strategies for success. / |
| Statement of responsibility, etc. | David Zarefsky |
| 246 ## - VARYING FORM OF TITLE | |
| Title proper/short title | Allyn & Bacon interactive edition user's guide |
| 250 ## - EDITION STATEMENT | |
| Edition statement | 2nd ed. |
| 260 ## - PUBLICATION, DISTRIBUTION, ETC. | |
| Place of publication, distribution, etc. | Boston : |
| Name of publisher, distributor, etc. | Allyn & Bacon, |
| Date of publication, distribution, etc. | 2000. |
| 300 ## - PHYSICAL DESCRIPTION | |
| Extent | 48 p. : |
| Accompanying material | CD-ROM |
| 500 ## - GENERAL NOTE | |
| General note | [1 CD-ROM inside back cover] |
| 505 ## - FORMATTED CONTENTS NOTE | |
| Formatted contents note | Contents: Minimum recommended system requirements -- Installation instructions -- What is the interactive edition? -- |
| 650 ## - SUBJECT ADDED ENTRY--TOPICAL TERM | |
| Topical term or geographic name entry element | Public speaking |
| 9 (RLIN) | 715 |
| 942 ## - ADDED ENTRY ELEMENTS (KOHA) | |
| Source of classification or shelving scheme | Library of Congress Classification |
| Koha item type | Books |
| Withdrawn status | Lost status | Source of classification or shelving scheme | Damaged status | Not for loan | Home library | Current library | Shelving location | Date acquired | Total Checkouts | Full call number | Barcode | Date last seen | Price effective from | Koha item type |
|---|---|---|---|---|---|---|---|---|---|---|---|---|---|---|
| Library of Congress Classification | WISCONSIN INTERNATIONAL UNIVERSITY COLLEGE, GHANA KUMASI LIBRARY | WISCONSIN INTERNATIONAL UNIVERSITY COLLEGE, GHANA KUMASI LIBRARY | General Stacks | 27/03/2023 | PN4129.Z36(2e) | K/3281/0379/23 | 02/06/2023 | 02/06/2023 | Books |
